[Event "Ukraine Championship-2017 U20 (Girls) B"]
[Site "Lviv"]
[Date "2017.03.02"]
[Round "9.3"]
[White "Barchuk, Irina"]
[Black "Martynkova, Olena"]
[Result "0-1"]
[WhiteElo "2071"]
[BlackElo "1913"]
[PlyCount "58"]
[EventDate "2017.03.02"]
[EventType "swiss (blitz)"]
[EventRounds "9"]
[EventCountry "UKR"]

1. e4 c5 2. Nf3 e6 3. d4 cxd4 4. Nxd4 Nc6 5. Nc3 Qc7 6. Be3 a6 7. Qf3 Nf6 8.
O-O-O Ne5 9. Qg3 b5 10. Bf4 d6 11. Bxe5 dxe5 12. Nf3 b4 13. Na4 Bd7 14. b3 Bxa4
15. bxa4 Nxe4 16. Qh4 Nc3 17. Bc4 Be7 18. Qg4 O-O 19. Bb3 Nxd1 20. Rxd1 Qc3 21.
Rd3 Qc5 22. Re3 Bf6 23. h4 Rad8 24. Qg3 Qd6 25. Rd3 Qc6 26. Re3 e4 27. Nd2 Qd7
28. Re2 Qd4 29. Kb1 Qb2# 0-1